Ochrana vlastníckeho práva a držby v rímskom práve bakalárska práca

Gespeichert in:
Bibliographische Detailangaben
1. Verfasser: An Duc, Claudia
Körperschaft: Národohospodárska fakulta EU. Katedra ekonómie
Weitere Verfasser: Brtko, Róbert
Format: Buch
Sprache:Slowakisch
Veröffentlicht: Bratislava 2025
Tags: Tag hinzufügen
Keine Tags, Fügen Sie das erste Tag hinzu!

MARC

LEADER 00000nbm a2200000 4500
001 0310972
005 20260210112559.0
041 0 |a slo 
044 |a SK 
245 1 0 |a Ochrana vlastníckeho práva a držby v rímskom práve  |b bakalárska práca  |c Claudia An Duc ; školiteľ: Róbert Brtko 
264 1 |a Bratislava  |c 2025 
300 |a 47 s. 
100 1 |a An Duc, Claudia 
700 1 |a Brtko, Róbert 
710 2 |a Národohospodárska fakulta EU. Katedra ekonómie